Entry Topical Term
001 - CONTROL NUMBER
- control field: 19720
003 - CONTROL NUMBER IDENTIFIER
- control field: LDD
005 - DATE AND TIME OF LATEST TRANSACTION
- control field: 20240327112242.0
008 - FIXED-LENGTH DATA ELEMENTS
- fixed length control field: 240327|| aca||aabn | a|a d
040 ## - CATALOGING SOURCE
- Original cataloging agency: LDD
- Transcribing agency: LDD
150 ## - HEADING--TOPICAL TERM
- Topical term or geographic name entry element: जीवनचरित
670 ## - SOURCE DATA FOUND
- Source citation: Work cat.: (LDD)199510: 19445, दीनदयाल उपाध्याय सम्पूर्ण वांग्मय /, 2016.
